Rock, Paper, Scissors, Lizard, Spock Quiz Stats

 Plays Quiz Updated Jan 14, 2019

Support Sporcle.
Go Orange.
Score 0/10 Timer 01:00
1 Play Today
Play Action % Correct
Scissorscuts
95.3%
Papercovers
93.7%
Rockcrushes
63%
Lizardpoisons
51.6%
Lizardeats
40.3%
Paperdisproves
32.3%
Rockcrushes
28.6%
Scissorsdecapitates
27.3%
Spocksmashes
18%
Spockvaporizes
17.7%

From the Vault

Scientists in Comic Books

by shorlin

Science 2m
An unusual number of comic book scientists end up becoming supervillains.
Remove Ads.
Support Sporcle.
Get the best of Sporcle when you Go Orange. This ad-free experience offers more features, more stats, and more fun while also helping to support Sporcle. Thank you for becoming a member.

Show Comments

Extras

Top Quizzes Today


Score Distribution

Your Account Isn't Verified!

In order to create a playlist on Sporcle, you need to verify the email address you used during registration. Go to your Sporcle Settings to finish the process.

Report this User

Report this user for behavior that violates our Community Guidelines.

Details: